000
00287nam a2200109Ia 4500
001
1261075
005
20260417140344.0
008
260417s9999 xx 000 0 und d
020
_a
9786051852362
245
0
_a
Kapalı İktisat Açık Metin
_c
Fatih Altuğ
260
_b
Everest Yayınları
999
_c
1261075
_d
1261075